Whistleblowing jako jedna z možností bank, jak předcházet trestné činnosti

Novela zákona o trestnej zodpovednosti právnických osôb v ČR, ktorá v súčasnosti prechádza legislatívnym procesom. Niektoré možnosti predchádzajúce trestnú činnosť v bankovom sektore, platné aj pre regulované oblasti finančného trhu v ČR.

Salvato in:
Dettagli Bibliografici
Autore principale: Rosová, Natálie
Natura: Capitolo di libro
Lingua:ceco
Soggetti:
Tags: Aggiungi Tag
Nessun Tag, puoi essere il primo ad aggiungerne!!

MARC

LEADER 00000naa a2200000 4500
001 0216184
005 20221104110644.5
041 0 |a cze 
044 |a CZ 
245 1 0 |a Whistleblowing jako jedna z možností bank, jak předcházet trestné činnosti  |c Natálie Rosová 
520 |a Novela zákona o trestnej zodpovednosti právnických osôb v ČR, ktorá v súčasnosti prechádza legislatívnym procesom. Niektoré možnosti predchádzajúce trestnú činnosť v bankovom sektore, platné aj pre regulované oblasti finančného trhu v ČR. 
610 2 0 |a Česko 
610 2 0 |a trh finančný 
610 2 0 |a inštitúcie finančné 
610 2 0 |a osoby právnické 
610 2 0 |a predpisy právne 
610 2 0 |a legislatíva 
610 2 0 |a činnosť trestná 
610 2 0 |a zodpovednosť trestná 
610 2 0 |a zákony 
610 2 0 |a prevencia 
100 1 |a Rosová, Natálie